000 00668nam a2200241Ia 4500
003 OSt
005 20220918223422.0
006 a|||||r|||| 00| 0
007 ta
008 220917b |||||||| |||| 00| 0 eng d
024 _a222,341
037 _cTextual
040 _aARTS
_cARTS
_beng
041 _2eng
_aeng
082 _aQ6.657, P4
100 _aGiffford Paul
_9145681
245 0 _aGhana's new christianity
_b Pentecostalism in a globalising African economy
260 _aLondon
_bHurst and Company UK
_c2004
300 _axv,216p
_ccm.
650 _aRELIGION
942 _hQ6.657, P4
_cTEXL
_2CC
999 _c278368
_d278368